| 000 | 00355nam a2200133Ia 4500 | ||
|---|---|---|---|
| 008 | 150202s9999 xx 000 0 und d | ||
| 020 | _a554172530 | ||
| 050 |
_aFIC _bFIC |
||
| 100 | _aFrancis, Richard. | ||
| 245 |
_aRevolution / _cRichard Francis. |
||
| 260 |
_aNew York : _bBantam Books, _c1985. |
||
| 300 |
_a184 pages : _c18 cm. |
||
| 650 | _aFiction. | ||
| 999 |
_c282017 _d282017 |
||